| 000 | 01365nam a2200337Ia 4500 | ||
|---|---|---|---|
| 001 | ebr10419854 | ||
| 003 | CaPaEBR | ||
| 006 | m u | ||
| 007 | cr cn||||||||| | ||
| 008 | 100330s2010 ne s 001 0 eng d | ||
| 010 | _z 2010013408 | ||
| 020 | _z9789004184510 (hardback : alk. paper) | ||
| 040 |
_aCaPaEBR _cCaPaEBR |
||
| 035 | _a(OCoLC)667271503 | ||
| 050 | 1 | 4 |
_aBL55 _b.R435 2010eb |
| 082 | 0 | 4 |
_a306.609/05 _222 |
| 245 | 0 | 0 |
_aReligions of modernity _h[electronic resource] : _brelocating the sacred to the self and the digital / _cedited by Stef Aupers and Dick Houtman. |
| 260 |
_aLeiden ; _aBoston : _bBrill, _c2010. |
||
| 300 | _axii, 273 p. | ||
| 490 | 1 |
_aInternational studies in religion and society ; _v12 |
|
| 500 | _aIncludes index. | ||
| 533 |
_aElectronic reproduction. _bPalo Alto, Calif. : _cebrary, _d2011. _nAvailable via World Wide Web. _nAccess may be limited to ebrary affiliated libraries. |
||
| 650 | 0 | _aReligion and civilization. | |
| 650 | 0 |
_aCivilization, Modern _y21st century. |
|
| 655 | 7 |
_aElectronic books. _2local |
|
| 700 | 1 |
_aAupers, Stef, _d1969- |
|
| 700 | 1 | _aHoutman, Dick. | |
| 710 | 2 | _aebrary, Inc. | |
| 830 | 0 |
_aInternational studies in religion and society ; _v12. |
|
| 856 | 4 | 0 |
_uhttp://site.ebrary.com/lib/rucke/Doc?id=10419854 _zAn electronic book accessible through the World Wide Web; click to view |
| 999 |
_c83215 _d83215 |
||